000 00435cam a22001934a 4500
005 20250605164315.0
008 250528s ||||||||||||||||||||||||d
035 _a22660
020 _a9780471715368
040 _aGR-AtMCL
_bgre
_dGR-AtMCL
_eAACR2
245 1 _aDATA MANAGEMENT
250 _a5
260 _bWiley,
_c2006
300 _a619
700 1 _aWatson Richard
_9848
942 _cBK
999 _c7708
_d7708